Lessons in teaching computing in primary schools
Guardat en:
| Autor principal: | |
|---|---|
| Format: | Llibre |
| Idioma: | anglès |
| Publicat: |
SAGE
2014
|
| Etiquetes: |
Afegir etiqueta
Sense etiquetes, Sigues el primer a etiquetar aquest registre!
|
MARC
| LEADER | 00000nam a22000007a 4500 | ||
|---|---|---|---|
| 008 | 210119b ||||| |||| 00| 0 eng d | ||
| 020 | |a 978-1-9739-7041-0 | ||
| 100 | |a BIRD, James |a Caldwell, Helen |a Mayne, Peter | ||
| 245 | |a Lessons in teaching computing in primary schools |c James Bird, Helen Caldwell & Peter Mayne |g . x, 166p.; ill. | ||
| 250 | |b 2ND | ||
| 260 | |b SAGE |c 2014 |h Thousand Oaks, California |i 692507 |i 692508 |l LB1028.43 .B53 |m Information technology – Study and teaching (Elementary). |m Computer-assisted instruction. |m Computer managed instruction |m Elementary school teaching – Great Britain – Computer network resources. |m Information technology | ||
| 500 | |a “It includes references and index”. | ||
| 942 | |a lcc |c BK |e O.A.JOHNSON |f 19/01/21 | ||
| 952 | |0 0 |1 0 |2 lcc |4 0 |6 LB102843 B53 |7 0 |9 1201 |a ED |b HOL |c LP |d 2021-01-19 |o LB1028.43 .B53 |p 2021-0022 |r 2021-01-19 00:00:00 |w 2021-01-19 |y BK | ||
| 952 | |0 0 |1 0 |2 lcc |4 0 |6 LB102843 B53 |7 0 |9 1202 |a HOL |b HOL |c LP |d 2021-01-19 |l 0 |o LB1028.43 .B53 |p 2021-0021 |r 2021-01-19 00:00:00 |w 2021-01-19 |y BK | ||
| 999 | |c 632 |d 632 | ||